000 00812nam a2200229Ii 4500
003 JO-AjNU
008 230605s9999||||xx |||||||||||||| ||und||
017 _a2012/10/3920
020 _a978-9957-76-163-9
040 _aJO-AjNU
_bara
_erda
_cJO-AjNU
041 _aara
050 1 4 _aHD1698.I7.S356 2014
100 3 _aالسامرائي، محمد احمد,
_eauthor
_964311
245 0 0 _aإدارة استخدام المياه
250 _aط1
264 3 1 _aعمان: دار الرضوان للنشر والتوزيع، 2014
300 _a272ص
_bيحتوي على جداول وصور واشكال توضيحية
336 _atext
_btxt
_2rdacontent
337 _aunmediated
_bn
_2rdamedia
338 _avolume
_bnc
_2rdacarrier
650 4 _aادارة المياة-الموارد الغذائية
_964312
999 _aA29219
_c32787
_d32787